000 00755cab a2200241 4500
001 WB2849-08
008 090401t1992 xxu||||| |||| 00| 0 eng d
035 _a(Sirsi) u44621
041 _aeng
245 _aSerious overcapacity
260 _c1992
350 _a0
490 _aFinancial Times
_v15 December 1992, 8(2)
520 _aForecasters expect a fall of 1-2% in construction demand over the next year, this will add to the overcapacity in the construction material industry.
650 _aCONSTRUCTION MARKET
650 _aBUILT ENVIRONMENT-BUILDING MATERIALS
650 _aFORECASTS
650 _aOVERCAPACITY
650 _aSUPPLY AND DEMAND
690 _aBUILT ENVIRONMENT-BUILDING MATERIALS
942 _n0
948 _c04/03/1997
999 _c28352
_d28352